| 000 | 01024cab a2200301 4500 | ||
|---|---|---|---|
| 001 | WB3114-60 | ||
| 008 | 090401t1995 xxu||||| |||| 00| 0 eng d | ||
| 035 | _a(Sirsi) u46423 | ||
| 041 | _aeng | ||
| 245 | _aWDA joint venture | ||
| 260 | _c1995 | ||
| 350 | _a0 | ||
| 490 |
_aFinancial Times _v6 April 1995, 10 |
||
| 490 |
_aProperty Week _v51(1) 6 April 1995, 5(2) |
||
| 520 | _aA joint venture, led by the Welsh Development Agency, involving land sold for retail development, has been criticised by the HC public accounts committee, following an investigation by accountants Grant Thornton. | ||
| 650 | _aCYNON VALLEY BC | ||
| 650 | _aGRANT THORNTON | ||
| 650 | _aLAND DISPOSAL | ||
| 650 | _aLANDARE INVESTMENTS | ||
| 650 | _aMID GLAMORGAN CC | ||
| 650 | _aRETAIL DEVELOPMENT | ||
| 650 | _aTESCO | ||
| 650 | _aWELSH DEVELOPMENT AGENCY | ||
| 690 | _aPROPERTY-COMMERCIAL PROPERTY-RETAIL PROPERTY | ||
| 690 | _aMANAGEMENT-BUSINESS MANAGEMENT-PROFESSIONAL PRACTICE | ||
| 942 | _n0 | ||
| 948 | _c04/03/1997 | ||
| 999 |
_c29370 _d29370 |
||